000 00765nam a2200241Ia 4500
003 OSt
005 20220925230408.0
006 a|||||r|||| 00| 0
007 ta
008 220923b |||||||| |||| 00| 0 eng d
020 _a9781844672991
_c1106.98
037 _bRKBA\09-10\4654, 18/06/2012, RAJKIRAN BOOK AGENCY
_cGeneral Book
040 _aRTL
_cRTL
_beng
041 _2eng
_aeng
082 _aXA, P9
100 _aBalakrishnan Gopal
_9293558
245 0 _aAntagonistics
_b Capitalism and power in an age of war
260 _aLondon
_bVerso
_c2009
300 _axiv, 290p
_ccm.
650 _aSociology
942 _hXA, P9
_cGB
_2CC
999 _c585386
_d585386